000 00412nam a2200181Ia 4500
001 8247
005 20260306160555.0
008 260306t1963||||xx |||||||||||||| ||spa||
041 _aESP
082 _a370.151
_bM85 T. 2
100 _aMoor, Paul
_eAUT
245 0 _aPsico-pedagogía terapéutica
260 _c1963
300 _apágs. :
_ccm.
650 _aGEN
654 _aCED
942 _cLIB
_dJUS
_fJUS
_2ddc
_n
999 _c8247
_d8247